The Second Epistle to the Corinthians: (Record no. 5742)

000 -LEADER
fixed length control field 00662nam a2200181 a 4500
001 - CONTROL NUMBER
control field :::00003484$&:&@@
003 - CONTROL NUMBER IDENTIFIER
control field OkBaRHE
005 - DATE AND TIME OF LATEST TRANSACTION
control field 20000607103306.0
008 - FIXED-LENGTH DATA ELEMENTS--GENERAL INFORMATION
fixed length control field s1962 j 000 0 eng u
040 ## - CATALOGING SOURCE
Transcribing agency
100 1# - MAIN ENTRY--PERSONAL NAME
Personal name Moule, Handley Carr Glyn, 1841-1920,
245 14 - TITLE STATEMENT
Title The Second Epistle to the Corinthians:
Remainder of title a translation, paraphrase, and exposition.
260 ## - PUBLICATION, DISTRIBUTION, ETC. (IMPRINT)
Place of publication, distribution, etc London, UK:EN., :
Name of publisher, distributor, etc Pickering & Inglis Ltd.
Date of publication, distribution, etc c1962
300 ## - PHYSICAL DESCRIPTION
Extent xxxii, 165 p. : illus. ;
Dimensions 22 cm.
650 ## - SUBJECT ADDED ENTRY--TOPICAL TERM
Topical term or geographic name as entry element Bible New Testament 2 Corinthians
General subdivision Commentaries
942 ## - ADDED ENTRY ELEMENTS (KOHA)
Source of classification or shelving scheme
Koha item type Books
Copies
Price effective from Permanent Location Date last seen Damaged status Date acquired Lost status Barcode Full call number Withdrawn status Source of classification or shelving scheme Copy number Shelving location Koha item type Not for loan
2010-04-14RHEMA Bible Training College2018-03-28 2010-04-14 3484BS 2673 .M68  1General StacksBooks